Asia Pacific Property Investment Guide (Record no. 119163)
[ view plain ]
| 000 -LEADER | |
|---|---|
| fixed length control field | 01150cas a22002415a 4500 |
| 001 - CONTROL NUMBER | |
| control field | L142361 |
| 008 - FIXED-LENGTH DATA ELEMENTS--GENERAL INFORMATION | |
| fixed length control field | 111114c2010 xxkar w ss 0 a0eng d |
| 035 ## - SYSTEM CONTROL NUMBER | |
| System control number | (Sirsi) u142361 |
| 041 0# - LANGUAGE CODE | |
| Language code of text/sound track or separate title | eng |
| 050 ## - LIBRARY OF CONGRESS CALL NUMBER | |
| Classification number | 333.337 $2 18 |
| 110 2# - MAIN ENTRY--CORPORATE NAME | |
| Corporate name or jurisdiction name as entry element | Jones Lang LaSalle |
| 9 (RLIN) | 3755 |
| 245 00 - TITLE STATEMENT | |
| Title | Asia Pacific Property Investment Guide |
| Medium | [electronic resource] |
| 260 ## - PUBLICATION, DISTRIBUTION, ETC. | |
| Place of publication, distribution, etc. | [S.l.] |
| Name of publisher, distributor, etc. | JLL |
| Date of publication, distribution, etc. | [2010?] |
| 490 #0 - SERIES STATEMENT | |
| Series statement | Jones Lang LaSalle Asia Property Investment Guide |
| Volume/sequential designation | 2010?- |
| 520 ## - SUMMARY, ETC. | |
| Summary, etc. | Provides an overview of the office investment market in Australia, China, Hong Kong, India,, Indonesia, Japan, Malaysia, New Zealand, Philippines, Singapore, South Korea, Taiwan, Thailand, and Vietnam. Prefaced by an article on the Jones Lang LaSalle Transparency Index. |
| 554 ## - | |
| -- | Annual |
| 650 24 - SUBJECT ADDED ENTRY--TOPICAL TERM | |
| Topical term or geographic name entry element | JONES LANG LASALLE ASIA PACIFIC PROPERTY INVESTMENT GUIDE |
| 651 #4 - SUBJECT ADDED ENTRY--GEOGRAPHIC NAME | |
| Geographic name | Asia Pacific |
| 690 ## - LOCAL SUBJECT ADDED ENTRY--TOPICAL TERM (OCLC, RLIN) | |
| Topical term or geographic name as entry element | PROPERTY-COMMERCIAL PROPERTY-COMMERCIAL PROPERTY MARKET |
| 710 2# - ADDED ENTRY--CORPORATE NAME | |
| Corporate name or jurisdiction name as entry element | Blake Dawson |
| 856 40 - ELECTRONIC LOCATION AND ACCESS | |
| Uniform Resource Identifier | <a href="https://www.joneslanglasalle.com/microsites/eBook/asia-pacific-property-investment-guide-2011.pdf">https://www.joneslanglasalle.com/microsites/eBook/asia-pacific-property-investment-guide-2011.pdf</a> |
| Public note | View the report free of charge at www.joneslanglasalle.com |
| 942 ## - ADDED ENTRY ELEMENTS (KOHA) | |
| Suppress in OPAC | 0 |
| Withdrawn status | Lost status | Source of classification or shelving scheme | Damaged status | Not for loan | Home library | Current library | Shelving location | Date acquired | Total Checkouts | Full call number | Barcode | Date last seen | Price effective from | Koha item type |
|---|---|---|---|---|---|---|---|---|---|---|---|---|---|---|
| Dewey Decimal Classification | Virtual | Virtual | Online | 08/02/2008 | ONLINE PUBLICATION | 142361-1001 | 06/08/2019 | 06/08/2019 | Journal |